[Event "Budapest FS10 FM-B"]
[Site "Budapest"]
[Date "2010.10.08"]
[Round "7"]
[White "Batari, Zoltan"]
[Black "Muller, Daniel1111"]
[Result "0-1"]
[WhiteElo "1708"]
[BlackElo "1535"]
[PlyCount "66"]
[EventDate "2010.10.02"]
[EventType "tourn"]
[EventRounds "11"]
[EventCountry "HUN"]
[SourceTitle "CBM 138 Extra"]
[Source "ChessBase"]
[SourceDate "2010.10.29"]
[SourceVersion "1"]
[SourceVersionDate "2010.10.29"]
[SourceQuality "1"]

1. d4 Nf6 2. c4 g6 3. Nc3 Bg7 4. e4 d6 5. Nf3 0-0 6. Be2 Nbd7 7. 0-0 e5 8. d5 Nc5 9. Bg5 a5 10. Qd2 Qe8 11. Bxf6 Bxf6 12. Nb5 Qe7 13. Bd3 Bg4 14. Qe3 Bg7 15. h3 Bxf3 16. Qxf3 f5 17. Qe2 f4 18. f3 g5 19. Bc2 h5 20. Nc3 Rf6 21. Nd1 Rh6 22. Nf2 Rf8 23. a3 Bf6 24. b4 axb4 25. axb4 Na6 26. b5 Nc5 27. Ra7 g4 28. fxg4 Bh4 29. Qf3 Rg6 30. gxh5 Rg3 31. Qe2 f3 32. Qd2 Rxg2+ 33. Kh1 Qg7 0-1

[Event "Budapest FS10 FM-B"]
[Site "Budapest"]
[Date "2010.10.04"]
[Round "3"]
[White "Batari, Zoltan"]
[Black "Szakats, Stefan"]
[Result "1-0"]
[WhiteElo "1708"]
[BlackElo "1859"]
[PlyCount "121"]
[EventDate "2010.10.02"]
[EventType "tourn"]
[EventRounds "11"]
[EventCountry "HUN"]
[SourceTitle "CBM 138 Extra"]
[Source "ChessBase"]
[SourceDate "2010.10.29"]
[SourceVersion "1"]
[SourceVersionDate "2010.10.29"]
[SourceQuality "1"]

1. d4 Nf6 2. c4 e6 3. Nc3 Bb4 4. Nf3 Ne4 5. Bd2 Bxc3 6. Bxc3 Nxc3 7. bxc3 d6 8. g3 Nd7 9. Bg2 0-0 10. 0-0 Rb8 11. a4 b6 12. e4 Ba6 13. Nd2 e5 14. Re1 c5 15. d5 Nf6 16. Qb3 h6 17. Nb1 Bc8 18. Qd1 Bd7 19. Na3 a6 20. Rb1 Qe8 21. Re2 Bxa4 22. Qf1 Bd7 23. Reb2 Qd8 24. f4 Re8 25. f5 Re7 26. Qf3 Be8 27. h4 Reb7 28. Qe2 Ba4 29. g4 Nh7 30. h5 Qg5 31. Kf2 Nf6 32. Bf3 Ne8 33. Qd3 Qf4 34. Ke1 Nc7 35. Be2 Ne8 36. Bf3 Nf6 37. Qe2 Ne8 38. Qd3 Nc7 39. Be2 b5 40. cxb5 axb5 41. Nc2 c4 42. Qe3 Qxe3 43. Nxe3 Bb3 44. Bd1 b4 45. cxb4 Bxd1 46. Kxd1 c3 47. Rb3 Na6 48. b5 Nc5 49. Rxc3 Nxe4 50. Rc4 Nc5 51. Rcb4 Nd3 52. R4b3 Nf2+ 53. Ke2 Ne4 54. b6 Kf8 55. Nc4 Ke7 56. Na5 Nc5 57. Rb5 Ne4 58. Kd3 Nc5+ 59. Ke3 Na4 60. Nxb7 Nc3 61. Na5 1-0

[Event "Budapest FS10 FM-B"]
[Site "Budapest"]
[Date "2010.10.02"]
[Round "1"]
[White "Batari, Zoltan"]
[Black "Hendi, Peter"]
[Result "0-1"]
[WhiteElo "1708"]
[BlackElo "1685"]
[PlyCount "70"]
[EventDate "2010.10.02"]
[EventType "tourn"]
[EventRounds "11"]
[EventCountry "HUN"]
[SourceTitle "CBM 138 Extra"]
[Source "ChessBase"]
[SourceDate "2010.10.29"]
[SourceVersion "1"]
[SourceVersionDate "2010.10.29"]
[SourceQuality "1"]

1. d4 Nf6 2. c4 c5 3. d5 b5 4. b3 g6 5. Bb2 Bg7 6. Nf3 d6 7. g3 Qb6 8. Nbd2 0-0 9. Bg2 bxc4 10. Nxc4 Qb4+ 11. Qd2 Qxd2+ 12. Nfxd2 Nbd7 13. Na5 Nb6 14. Nc6 Re8 15. Bxf6 Bxf6 16. Rc1 a5 17. Nc4 Nxc4 18. bxc4 a4 19. Kd2 a3 20. Rb1 Bb2 21. f4 Ra4 22. Kd3 Ba6 23. Rhc1 Bxc1 24. Rxc1 e6 25. dxe6 fxe6 26. e4 Bb7 27. e5 dxe5 28. fxe5 Ra6 29. Nb4 Rd8+ 30. Kc2 cxb4 31. Bxb7 Rb6 32. Be4 Rd4 33. Bd3 Rb8 34. Rb1 Rbd8 35. Rd1 b3+ 0-1

[Event "Budapest FS03 FM-B"]
[Site "Budapest"]
[Date "2010.03.12"]
[Round "7"]
[White "Gruz, Janos"]
[Black "Batari, Zoltan"]
[Result "1-0"]
[WhiteElo "1946"]
[BlackElo "1695"]
[PlyCount "69"]
[EventDate "2010.03.06"]
[EventType "tourn"]
[EventRounds "9"]
[EventCountry "HUN"]
[SourceTitle "CBM 135 Extra"]
[Source "ChessBase"]
[SourceDate "2010.05.04"]
[SourceVersion "1"]
[SourceVersionDate "2010.05.04"]
[SourceQuality "1"]

1. Nf3 d5 2. d4 Nf6 3. Bf4 Bg4 4. Nbd2 e6 5. h3 Bxf3 6. Nxf3 Nbd7 7. e3 c5 8. c3 c4 9. Be2 Be7 10. 0-0 0-0 11. Ne5 Bd6 12. Nxf7 Rxf7 13. Bxd6 Ne4 14. Bh2 Qh4 15. f3 Ng3 16. Bxg3 Qxg3 17. Qe1 Qg5 18. f4 Qg6 19. Bf3 Re8 20. Qe2 Nf6 21. Kh2 Ne4 22. Bxe4 Qxe4 23. Qf3 Qc2 24. Rf2 Qf5 25. Re1 Qe4 26. Qxe4 dxe4 27. g4 Ref8 28. Ref1 g6 29. Kg3 Kg7 30. h4 h6 31. Rd1 Rd8 32. b3 b5 33. bxc4 bxc4 34. Rb1 Rc8 35. Rb5 1-0

[Event "Budapest FS03 FM-B"]
[Site "Budapest"]
[Date "2010.03.08"]
[Round "3"]
[White "Mihajlova, Diana"]
[Black "Batari, Zoltan"]
[Result "1/2-1/2"]
[WhiteElo "1458"]
[BlackElo "1695"]
[PlyCount "47"]
[EventDate "2010.03.06"]
[EventType "tourn"]
[EventRounds "9"]
[EventCountry "HUN"]
[SourceTitle "CBM 135 Extra"]
[Source "ChessBase"]
[SourceDate "2010.05.04"]
[SourceVersion "1"]
[SourceVersionDate "2010.05.04"]
[SourceQuality "1"]

1. g4 d5 2. Bg2 Bxg4 3. c4 Nf6 4. cxd5 Nxd5 5. Qb3 Nb6 6. Bxb7 N8d7 7. Bxa8 Qxa8 8. f3 e6 9. d3 Bc5 10. Nd2 Nf6 11. Qc3 Nbd7 12. Ne4 Bd6 13. fxg4 Nxe4 14. dxe4 Qxe4 15. Qf3 Qb4+ 16. Kf1 0-0 17. g5 Ne5 18. a3 Qd4 19. Qf2 Qd1+ 20. Qe1 Qd5 21. e4 Qd4 22. Qe2 Rb8 23. Rb1 Rb3 24. Bf4 1/2-1/2

[Event "HUN-chT2 Breyer 0910"]
[Site "Hungary"]
[Date "2010.01.31"]
[Round "5"]
[White "Bohm, Zsombor"]
[Black "Batari, Zoltan"]
[Result "0-1"]
[WhiteElo "1692"]
[BlackElo "1697"]
[PlyCount "66"]
[EventDate "2009.11.08"]
[EventType "team-tourn"]
[EventRounds "11"]
[EventCountry "HUN"]
[SourceTitle "EXT 2011"]
[Source "ChessBase"]
[SourceDate "2010.11.26"]
[SourceVersion "1"]
[SourceVersionDate "2010.11.26"]
[SourceQuality "1"]
[WhiteTeam "Zsambek"]
[BlackTeam "BEAC II"]
[WhiteTeamCountry "HUN"]
[BlackTeamCountry "HUN"]

1. e4 e5 2. Nf3 Nc6 3. Bb5 a6 4. Ba4 Nf6 5. Nc3 b5 6. Bb3 d6 7. h3 Be6 8. Bxe6 fxe6 9. d3 Be7 10. 0-0 0-0 11. Re1 Nd4 12. Be3 c5 13. Bxd4 exd4 14. Nb1 e5 15. c3 Nh5 16. cxd4 exd4 17. Nbd2 Nf4 18. Qc2 Qe8 19. Kh2 Qg6 20. g3 Nh5 21. a4 b4 22. b3 h6 23. Qc4+ Kh8 24. Rf1 Bg5 25. Nxg5 Qxg5 26. Qc2 Rf6 27. e5 Qxe5 28. Ne4 Rf3 29. Kg2 Raf8 30. g4 d5 31. Qxc5 Nf4+ 32. Kxf3 dxe4+ 33. dxe4 Qxc5 0-1

[Event "HUN-chT U18"]
[Site "Miskolc"]
[Date "2009.10.29"]
[Round "6.26"]
[White "Batari, Zoltan"]
[Black "Molnar, Levente"]
[Result "0-1"]
[WhiteElo "1713"]
[BlackElo "1666"]
[PlyCount "60"]
[EventDate "2009.10.26"]
[EventType "team-swiss"]
[EventRounds "8"]
[EventCountry "HUN"]
[SourceTitle "EXT 2016"]
[Source "ChessBase"]
[SourceDate "2015.10.08"]
[SourceVersion "1"]
[SourceVersionDate "2015.10.08"]
[SourceQuality "1"]

1. e4 e5 2. Nf3 Nc6 3. d4 exd4 4. Nxd4 d6 5. Bb5 Bd7 6. Nc3 a6 7. Bxc6 Bxc6 8. Nxc6 bxc6 9. 0-0 Nf6 10. Bg5 Be7 11. Re1 0-0 12. Qf3 h6 13. Bxf6 Bxf6 14. Rad1 Re8 15. Rd3 d5 16. Qd1 Qe7 17. e5 Rad8 18. Rde3 Bg5 19. R3e2 Qe6 20. Na4 Be7 21. Qd4 Rb8 22. c3 Rb5 23. b4 a5 24. a3 axb4 25. axb4 Ra8 26. Ra2 Rab8 27. Rb2 c5 28. Qe3 cxb4 29. Reb1 c5 30. h3 Qa6 0-1

[Event "HUN-chT U18"]
[Site "Miskolc"]
[Date "2009.10.29"]
[Round "7.23"]
[White "Jungbluth, Endre"]
[Black "Batari, Zoltan"]
[Result "0-1"]
[WhiteElo "1793"]
[BlackElo "1713"]
[PlyCount "44"]
[EventDate "2009.10.26"]
[EventType "team-swiss"]
[EventRounds "8"]
[EventCountry "HUN"]
[SourceTitle "EXT 2016"]
[Source "ChessBase"]
[SourceDate "2015.10.08"]
[SourceVersion "1"]
[SourceVersionDate "2015.10.08"]
[SourceQuality "1"]

1. d4 d5 2. Nf3 Bg4 3. Ne5 Nf6 4. Nd2 Bf5 5. c4 e6 6. Ndf3 Nbd7 7. Bg5 Be7 8. e3 c6 9. Be2 Qa5+ 10. Kf1 h6 11. Bh4 g5 12. Bg3 Qb4 13. Qc1 c5 14. a3 Qa4 15. h4 g4 16. Nh2 h5 17. f3 Rg8 18. fxg4 Bxg4 19. Nhxg4 Nxg4 20. Qc3 Ndxe5 21. Bxe5 dxc4 22. Bxc4 Qxc4+ 0-1